Performance impediments in government: Some suggestions for reforms (Record no. 83651)

000 -LEADER
fixed length control field 01042pab a2200181 454500
008 - FIXED-LENGTH DATA ELEMENTS--GENERAL INFORMATION
fixed length control field 180718b2009 xxu||||| |||| 00| 0 eng d
100 ## - MAIN ENTRY--PERSONAL NAME
Personal name Singh, Rajesh
245 ## - TITLE STATEMENT
Title Performance impediments in government: Some suggestions for reforms
260 ## - PUBLICATION, DISTRIBUTION, ETC.
Date of publication, distribution, etc. 2009
300 ## - PHYSICAL DESCRIPTION
Extent p.269-274.
362 ## - DATES OF PUBLICATION AND/OR SEQUENTIAL DESIGNATION
Dates of publication and/or sequential designation Apr-Jun
520 ## - SUMMARY, ETC.
Summary, etc. The article presents the various performance impediments such as: job security; faulty staffing practices; poor motivation; role ambiguity; over centralisation; multiple agencies; unprofessional management practices; red tapism and multiple window system; reluctance to dispose off old cases; trade unionism; delays, negativism, corruption, unresponsiveness and unaccountability and politicisation of administration faced by 150 senior and middle level administrators in their work environment. The management strategies have also been suggested. - Reproduced.
650 ## - SUBJECT ADDED ENTRY--TOPICAL TERM
Topical term or geographic name entry element Performance appraisal
650 ## - SUBJECT ADDED ENTRY--TOPICAL TERM
Topical term or geographic name entry element Administrative reform
773 ## - HOST ITEM ENTRY
Main entry heading Indian Journal of Public Administration
908 ## - PUT COMMAND PARAMETER (RLIN)
Put command parameter N
909 ## -
-- 83651
Holdings
Withdrawn status Lost status Damaged status Not for loan Permanent Location Current Location Date acquired Serial Enumeration / chronology Barcode Date last seen Price effective from Koha item type
        Indian Institute of Public Administration Indian Institute of Public Administration 2018-07-19 Volume no: 55, Issue no: 2 AR84111 2018-07-19 2018-07-19 Articles

Powered by Koha